000
00268nam a22001217a 4500
008
171002b xxu||||| |||| 00| 0 eng d
041
_a
eng
080
_2
9TH
_a
37
100
_a
47
101
_a
EDU
245
_a
COMMUNICATING IN SMALL GROUPS
_c
BEEBE
942
_2
udc
_c
BK
999
_c
31091
_d
31091